| 000 | 004650000a22001810004500 | ||
|---|---|---|---|
| 003 | MACL | ||
| 005 | 20151023151315.0 | ||
| 008 | 151023b xxu||||| |||| 00| 0 eng d | ||
| 040 |
_aMACL _cMACL |
||
| 041 | _aEnglish | ||
| 082 | _a954/HAB | ||
| 100 |
_aHabib, Irfan _92273 |
||
| 245 |
_aMedieval India _bThe Study of a Civilization |
||
| 260 |
_bNational Book Trust _c2009 _aNew Delhi |
||
| 350 | _a85 | ||
| 650 |
_aIndian History _9227 |
||
| 942 |
_cBK _k954/HAB _2ddc |
||
| 999 |
_c41801 _d41801 |
||